000 00484nam a2200181Ia 4500
005 20250923145307.0
008 008 250917s9999 xx 000 0 eng d
037 _aTextual
040 _aDSWL
_beng
_cDSWL
041 _aeng
_2eng
084 _qDSWL
100 _aChau, Ta Ngoc
_9833775
245 0 _aDemographic Aspects of Educational Planning
_c by Ta Ngoc Chau
260 _aParis
_bUnesco
_c1969
300 _a83 p.
942 _cTEXL
999 _c1449578
_d1449578